Against my better judgment : an intimate memoir of an eminent gay psychologist /
Enregistré dans:
| Auteur principal: | |
|---|---|
| Format: | Livre |
| Langue: | anglais |
| Publié: |
New York :
Harrington Park Press,
[c1996]
|
| Collection: | Haworth gay & lesbian studies
|
| Tags: |
Pas de tags, Soyez le premier à ajouter un tag!
|
MARC
| LEADER | 00000nam a22000007i 4500 | ||
|---|---|---|---|
| 001 | IT\ICCU\UBO\2244387 | ||
| 003 | ItRI | ||
| 005 | 20260115231834.0 | ||
| 008 | 030710s1996 xxu|||||| ||||| |||||c | ||
| 020 | |a 1560238887 | ||
| 040 | |b ita |c importazione bologna sebina | ||
| 041 | 7 | |a eng |2 ISO-639-2 | |
| 100 | 1 | |a Brown, Roger, |d (1925-1997) |0 IT\ICCU\MILV\096769 |4 aut | |
| 245 | 1 | 0 | |a Against my better judgment : |b an intimate memoir of an eminent gay psychologist / |c Roger Brown. |
| 260 | |a New York : |b Harrington Park Press, |c [c1996] | ||
| 300 | |a X, 253 p. ; |c 22 cm. | ||
| 790 | 1 | |a Brown, Roger W. |3 IT\ICCU\MILV\240382 |z Brown, Roger (1925-1997) | |
| 830 | 0 | |a Haworth gay & lesbian studies |0 IT\ICCU\UBO\0240430 | |
| 942 | |2 ddc |c BK |n 0 | ||
| 952 | |0 0 |1 0 |4 0 |6 DOC_810_992000000000000_BRO |7 0 |9 13918 |a BO |b BO |d 2026-01-15 |i 3830 |l 0 |o DOC 810.992 BRO |p BO3830 |r 2026-01-15 23:18:34 |w 2026-01-15 |x [Sebina 5] [1 v.] |y BK |z 1 v. | ||
| 999 | |c 11980 |d 11980 | ||